Online Catalogue and eLibrary

Aathikalin Poothaikulikalilirunthu (Record no. 6005)

MARC details
000 -LEADER
fixed length control field 00398nam a22001577a 4500
005 - DATE AND TIME OF LATEST TRANSACTION
control field 20250325034002.0
008 - FIXED-LENGTH DATA ELEMENTS--GENERAL INFORMATION
fixed length control field 250325b |||||||| |||| 00| 0 eng d
020 ## - INTERNATIONAL STANDARD BOOK NUMBER
ISBN 9789553078940
082 ## - DDC Classification
DDC Edition Number 22
Class No. 894
Item Number - Author Mark AAT
100 ## - MAIN ENTRY--PERSONAL NAME
Personal name Memonkavi
245 ## - TITLE STATEMENT
Title Aathikalin Poothaikulikalilirunthu
260 ## - PUBLICATION, DISTRIBUTION, ETC.
Place of publication, distribution, etc. Colombo
Name of publisher, distributor, etc. S. Godage & Brothers ( Pvt) Ltd
Date of publication, distribution, etc. 2017
300 ## - PHYSICAL DESCRIPTION
Extent (e.g. Volumes, Pages etc.) 128 p.,
650 ## - SUBJECT ADDED ENTRY--TOPICAL TERM
Topical term or geographic name entry element poems
942 ## - Koha item type (Biblio)
Koha item type Books in Stacks (Lending)
Holdings
Lost status Damaged status Collection code Home library Current library Date acquired Full call number Accession Number Item type
    Lending WERC Library WERC Library 03/25/2025 894 AAT 6983 Books in Stacks (Lending)

© WERC Library